[Event "DEM U18 2025"]
[Site "Willingen GER"]
[Date "2025.06.09"]
[Round "3"]
[White "Müller, Maximilian"]
[Black "Englert, Luca"]
[Result "1/2-1/2"]
[Termination "normal"]
[Board "6"]
[BlackTitle "FM"]
[WhiteElo "2018"]
[BlackElo "2333"]
[WhiteClock "00:12:36"]
[BlackClock "00:03:50"]
[PlyCount "176"]
[WhiteFideId "16243552"]
[BlackFideId "16293088"]
[EventCountry "GER"]
[EventRounds "9"]
[EventType "swiss"]
[EventDate "2025.06.07"]

1. e4 {[%clk 01:30:58]} c5 {[%clk 01:30:56]} 2. Nf3 {[%clk 01:31:25]} d6 {[%clk
01:31:20]} 3. d4 {[%clk 01:31:51]} cxd4 4. Nxd4 {[%clk 01:32:16]} Nf6 {[%clk
01:32:11]} 5. f3 {[%clk 01:32:42]} e5 {[%clk 01:32:28]} 6. Nb3 {[%clk
01:33:07]} Be6 {[%clk 01:28:07]} 7. c4 {[%clk 01:33:32]} a5 {[%clk 01:28:29]}
8. Be3 {[%clk 01:30:07]} {[%emt 00:00:02]} a4 {[%clk 01:23:26]} {[%emt
00:05:12]} 9. N3d2 {[%clk 01:29:04]} {[%emt 00:01:32]} Be7 {[%clk 01:17:44]}
{[%emt 00:06:12]} 10. Nc3 {[%clk 01:29:10]} {[%emt 00:00:24]} Qa5 {[%clk
01:13:04]} {[%emt 00:05:11]} 11. Rc1 {[%clk 01:26:07]} {[%emt 00:03:32]} O-O
{[%clk 01:10:56]} {[%emt 00:02:39]} 12. Be2 {[%clk 01:22:37]} {[%emt 00:03:59]}
Bd8 {[%clk 01:08:12]} {[%emt 00:03:15]} 13. Nf1 {[%clk 01:10:57]} {[%emt
00:12:09]} Nc6 {[%clk 00:52:06]} {[%emt 00:16:36]} 14. Qd2 {[%clk 01:05:48]}
{[%emt 00:05:39]} a3 {[%clk 00:46:11]} {[%emt 00:06:25]} 15. b3 {[%clk
01:05:51]} {[%emt 00:00:27]} Nb4 {[%clk 00:46:05]} {[%emt 00:00:36]} 16. Kf2
{[%clk 01:03:31]} {[%emt 00:02:51]} Bb6 {[%clk 00:37:14]} {[%emt 00:09:21]} 17.
Nb5 {[%clk 00:59:19]} {[%emt 00:04:42]} Rfd8 {[%clk 00:32:33]} {[%emt
00:05:11]} 18. Bxb6 {[%clk 00:52:11]} {[%emt 00:07:37]} Qxb6+ {[%clk 00:33:02]}
{[%emt 00:00:01]} 19. Ne3 {[%clk 00:52:40]} {[%emt 00:00:01]} Qc5 {[%clk
00:31:52]} {[%emt 00:01:40]} 20. Rhd1 {[%clk 00:50:38]} {[%emt 00:02:32]} Nh5
{[%clk 00:28:04]} {[%emt 00:04:18]} 21. Nc7 {[%clk 00:36:48]} {[%emt 00:14:20]}
Rac8 {[%clk 00:25:52]} {[%emt 00:02:42]} 22. Ncd5 {[%clk 00:34:57]} {[%emt
00:02:21]} Bxd5 {[%clk 00:22:58]} {[%emt 00:03:24]} 23. cxd5 {[%clk 00:35:17]}
{[%emt 00:00:10]} Qb6 {[%clk 00:22:59]} {[%emt 00:00:30]} 24. Rc4 {[%clk
00:35:04]} {[%emt 00:00:43]} Rxc4 {[%clk 00:22:10]} {[%emt 00:01:19]} 25. bxc4
{[%clk 00:35:28]} {[%emt 00:00:05]} Na6 {[%clk 00:22:13]} {[%emt 00:00:28]} 26.
Qc1 {[%clk 00:29:53]} {[%emt 00:06:04]} Qb4 {[%clk 00:16:54]} {[%emt 00:05:49]}
27. Rd3 {[%clk 00:29:30]} {[%emt 00:00:53]} Nc5 {[%clk 00:17:20]} {[%emt
00:00:04]} 28. Rxa3 {[%clk 00:29:34]} {[%emt 00:00:25]} g6 {[%clk 00:17:09]}
{[%emt 00:00:41]} 29. g3 {[%clk 00:19:58]} {[%emt 00:10:06]} Qb6 {[%clk
00:17:22]} {[%emt 00:00:19]} 30. Kg2 {[%clk 00:17:39]} {[%emt 00:02:47]} Rf8
{[%clk 00:17:18]} {[%emt 00:00:34]} 31. Ng4 {[%clk 00:14:19]} {[%emt 00:03:49]}
Kh8 {[%clk 00:17:18]} {[%emt 00:00:31]} 32. Qe3 {[%clk 00:10:57]} {[%emt
00:03:53]} Qb2 {[%clk 00:17:11]} {[%emt 00:00:36]} 33. Kf1 {[%clk 00:09:52]}
{[%emt 00:01:36]} f5 {[%clk 00:13:40]} {[%emt 00:04:01]} 34. exf5 {[%clk
00:09:52]} {[%emt 00:00:30]} gxf5 {[%clk 00:13:46]} {[%emt 00:00:23]} 35. Qh6
{[%clk 00:10:10]} {[%emt 00:00:12]} Nd7 {[%clk 00:13:53]} {[%emt 00:00:23]} 36.
Rb3 {[%clk 00:06:53]} {[%emt 00:03:47]} Qa1+ {[%clk 00:14:08]} {[%emt
00:00:14]} 37. Kf2 {[%clk 00:06:42]} {[%emt 00:00:42]} fxg4 {[%clk 00:14:17]}
{[%emt 00:00:22]} 38. Qxh5 {[%clk 00:06:48]} {[%emt 00:00:23]} Qh1 {[%clk
00:08:31]} {[%emt 00:06:16]} 39. Qh6 {[%clk 00:03:10]} {[%emt 00:04:07]} Rf6
{[%clk 00:06:00]} {[%emt 00:03:02]} 40. Qh4 {[%clk 00:03:32]} {[%emt 00:00:09]}
Rf8 {[%clk 00:01:25]} {[%emt 00:05:04]} 41. Qxg4 {[%clk 00:17:16]} {[%emt
00:16:46]} Qxh2+ {[%clk 00:31:12]} {[%emt 00:00:44]} 42. Ke1 {[%clk 00:16:38]}
{[%emt 00:01:07]} Nc5 {[%clk 00:31:31]} {[%emt 00:00:11]} 43. Ra3 {[%clk
00:15:12]} {[%emt 00:01:56]} Rg8 {[%clk 00:29:33]} {[%emt 00:02:28]} 44. Qh4
{[%clk 00:15:30]} {[%emt 00:00:13]} Qxg3+ {[%clk 00:29:48]} {[%emt 00:00:15]}
45. Qxg3 {[%clk 00:15:53]} {[%emt 00:00:06]} Rxg3 {[%clk 00:30:14]} {[%emt
00:00:04]} 46. Kf2 {[%clk 00:15:09]} {[%emt 00:01:14]} Rg8 {[%clk 00:30:32]}
{[%emt 00:00:11]} 47. Ra5 {[%clk 00:12:54]} {[%emt 00:02:45]} Kg7 {[%clk
00:30:05]} {[%emt 00:00:58]} 48. Rb5 {[%clk 00:12:41]} {[%emt 00:00:42]} Kf6
{[%clk 00:28:03]} {[%emt 00:02:32]} 49. Rb6 {[%clk 00:11:40]} {[%emt 00:01:32]}
Rd8 {[%clk 00:28:04]} {[%emt 00:00:29]} 50. Rb1 {[%clk 00:10:34]} {[%emt
00:01:36]} Ra8 {[%clk 00:27:43]} {[%emt 00:00:52]} 51. Rb6 {[%clk 00:10:50]}
{[%emt 00:00:14]} Ra6 {[%clk 00:27:06]} {[%emt 00:01:07]} 52. Rb2 {[%clk
00:10:53]} {[%emt 00:00:26]} Kg5 {[%clk 00:26:32]} {[%emt 00:01:04]} 53. Kg3
{[%clk 00:11:02]} {[%emt 00:00:21]} Ra3 {[%clk 00:25:21]} {[%emt 00:01:41]} 54.
Bd1 {[%clk 00:11:27]} {[%emt 00:00:06]} h5 {[%clk 00:24:44]} {[%emt 00:01:07]}
55. Bb3 {[%clk 00:11:55]} {[%emt 00:00:01]} Ra8 {[%clk 00:24:20]} {[%emt
00:00:54]} 56. Rh2 {[%clk 00:11:29]} {[%emt 00:00:56]} Nd3 {[%clk 00:18:26]}
{[%emt 00:06:24]} 57. Rd2 {[%clk 00:11:11]} {[%emt 00:00:47]} h4+ {[%clk
00:17:41]} {[%emt 00:01:16]} 58. Kh3 {[%clk 00:11:26]} {[%emt 00:00:15]} Nf4+
{[%clk 00:14:33]} {[%emt 00:03:38]} 59. Kh2 {[%clk 00:11:55]} {[%emt 00:00:02]}
Rg8 {[%clk 00:14:01]} {[%emt 00:01:01]} 60. a4 {[%clk 00:10:07]} {[%emt
00:02:19]} b6 {[%clk 00:10:30]} {[%emt 00:04:00]} 61. Ra2 {[%clk 00:09:50]}
{[%emt 00:00:47]} h3 {[%clk 00:10:25]} {[%emt 00:00:36]} 62. a5 {[%clk
00:09:47]} {[%emt 00:00:33]} bxa5 {[%clk 00:10:50]} {[%emt 00:00:04]} 63. Rxa5
{[%clk 00:10:14]} {[%emt 00:00:03]} Kh4 {[%clk 00:10:43]} {[%emt 00:00:37]} 64.
Ra2 {[%clk 00:10:37]} {[%emt 00:00:08]} Rg3 {[%clk 00:07:31]} {[%emt 00:03:41]}
65. Bd1 {[%clk 00:10:39]} {[%emt 00:00:28]} Nd3 {[%clk 00:05:15]} {[%emt
00:02:46]} 66. Rd2 {[%clk 00:10:41]} {[%emt 00:00:26]} Nc5 {[%clk 00:05:20]}
{[%emt 00:00:27]} 67. Rf2 {[%clk 00:09:18]} {[%emt 00:01:53]} Rg8 {[%clk
00:05:34]} {[%emt 00:00:15]} 68. Bc2 {[%clk 00:09:18]} {[%emt 00:00:30]} Rf8
{[%clk 00:05:33]} {[%emt 00:00:32]} 69. f4 {[%clk 00:08:43]} {[%emt 00:01:05]}
Rxf4 {[%clk 00:05:21]} {[%emt 00:00:42]} 70. Rxf4+ {[%clk 00:09:09]} {[%emt
00:00:04]} exf4 {[%clk 00:05:47]} {[%emt 00:00:04]} 71. Bf5 {[%clk 00:09:37]}
{[%emt 00:00:02]} f3 {[%clk 00:05:03]} {[%emt 00:01:15]} 72. Bxh3 {[%clk
00:10:02]} {[%emt 00:00:05]} Nd3 {[%clk 00:05:14]} {[%emt 00:00:18]} 73. Bf5
{[%clk 00:08:44]} {[%emt 00:01:48]} Ne5 {[%clk 00:05:39]} {[%emt 00:00:05]} 74.
c5 {[%clk 00:08:57]} {[%emt 00:00:17]} dxc5 {[%clk 00:05:20]} {[%emt 00:00:50]}
75. d6 {[%clk 00:09:21]} {[%emt 00:00:05]} Nf7 {[%clk 00:05:07]} {[%emt
00:00:43]} 76. d7 {[%clk 00:09:39]} {[%emt 00:00:12]} Nd8 {[%clk 00:05:20]}
{[%emt 00:00:16]} 77. Kg1 {[%clk 00:09:44]} {[%emt 00:00:25]} Kg3 {[%clk
00:05:37]} {[%emt 00:00:13]} 78. Bc2 {[%clk 00:09:49]} {[%emt 00:00:25]} c4
{[%clk 00:05:38]} {[%emt 00:00:29]} 79. Kf1 {[%clk 00:10:10]} {[%emt 00:00:10]}
c3 {[%clk 00:05:22]} {[%emt 00:00:46]} 80. Bd3 {[%clk 00:10:34]} {[%emt
00:00:05]} f2 {[%clk 00:05:35]} {[%emt 00:00:17]} 81. Be4 {[%clk 00:10:36]}
{[%emt 00:00:29]} Kf4 {[%clk 00:05:59]} {[%emt 00:00:06]} 82. Bc2 {[%clk
00:11:03]} {[%emt 00:00:03]} Kf3 {[%clk 00:06:19]} {[%emt 00:00:11]} 83. Bh7
{[%clk 00:11:24]} {[%emt 00:00:07]} Ne6 {[%clk 00:04:56]} {[%emt 00:01:54]} 84.
Bf5 {[%clk 00:11:37]} {[%emt 00:00:17]} Ke3 {[%clk 00:03:58]} {[%emt 00:01:28]}
85. Bh7 {[%clk 00:11:34]} {[%emt 00:00:32]} Nd8 {[%clk 00:03:39]} {[%emt
00:00:49]} 86. Bg6 {[%clk 00:11:58]} {[%emt 00:00:07]} Nf7 {[%clk 00:03:25]}
{[%emt 00:00:44]} 87. Bh7 {[%clk 00:12:14]} {[%emt 00:00:14]} Kf3 {[%clk
00:03:50]} {[%emt 00:00:04]} 88. Bg6 {[%clk 00:12:36]} {[%emt 00:00:08]} Ke3
{[%emt 00:00:18]} 1/2-1/2

[Event "DEM U18 2025"]
[Site "Willingen GER"]
[Date "2025.06.09"]
[Round "3"]
[White "Strehse, Nelson"]
[Black "Isbilir, Levin"]
[Result "1-0"]
[Termination "normal"]
[Board "7"]
[WhiteElo "2168"]
[BlackElo "2118"]
[WhiteClock "00:34:01"]
[BlackClock "00:27:43"]
[PlyCount "87"]
[WhiteFideId "16228898"]
[BlackFideId "16267192"]
[EventCountry "GER"]
[EventRounds "9"]
[EventType "swiss"]
[EventDate "2025.06.07"]

1. e4 {[%clk 01:30:58]} c5 {[%clk 01:30:51]} 2. Nf3 {[%clk 01:31:23]} d6 {[%clk
01:31:07]} 3. Bb5+ {[%clk 01:27:46]} Bd7 {[%clk 01:31:11]} 4. Bxd7+ Nxd7 {[%clk
01:31:19]} 5. O-O {[%clk 01:25:47]} Ngf6 {[%clk 01:31:30]} 6. Qe2 {[%clk
01:26:06]} e6 {[%clk 01:31:35]} {[%emt 00:00:20]} 7. c4 {[%clk 01:25:36]}
{[%emt 00:00:06]} Be7 {[%clk 01:29:10]} {[%emt 00:02:56]} 8. Nc3 {[%clk
01:25:07]} {[%emt 00:00:59]} Ne5 {[%clk 01:27:46]} {[%emt 00:01:54]} 9. d3
{[%clk 01:15:28]} {[%emt 00:10:08]} O-O {[%clk 01:20:31]} {[%emt 00:07:45]} 10.
a3 {[%clk 01:01:54]} {[%emt 00:14:05]} Nxf3+ {[%clk 00:56:46]} {[%emt
00:24:14]} 11. Qxf3 {[%clk 01:02:11]} {[%emt 00:00:12]} Nd7 {[%clk 00:52:18]}
{[%emt 00:04:59]} 12. Qg3 {[%clk 00:58:17]} {[%emt 00:04:22]} Ne5 {[%clk
00:44:41]} {[%emt 00:08:09]} 13. b4 {[%clk 00:36:34]} {[%emt 00:22:13]} Bh4
{[%emt 00:07:26]} 14. Qh3 {[%clk 00:35:35]} {[%emt 00:01:26]} Bf6 {[%clk
00:37:17]} {[%emt 00:01:02]} 15. Rb1 {[%clk 00:35:48]} {[%emt 00:00:16]} Nc6
{[%clk 00:36:15]} {[%emt 00:01:32]} 16. Ne2 {[%clk 00:35:01]} {[%emt 00:01:17]}
b6 {[%clk 00:30:29]} {[%emt 00:06:17]} 17. Be3 {[%clk 00:32:19]} {[%emt
00:03:11]} cxb4 18. axb4 {[%clk 00:32:47]} d5 {[%clk 00:25:29]} {[%emt
00:00:13]} 19. Rfd1 {[%clk 00:20:33]} {[%emt 00:12:43]} a5 {[%clk 00:23:23]}
{[%emt 00:02:38]} 20. b5 {[%clk 00:12:27]} {[%emt 00:08:35]} Nb4 {[%clk
00:22:40]} {[%emt 00:01:14]} 21. Bd2 {[%clk 00:10:47]} {[%emt 00:02:09]} Be7
{[%clk 00:08:20]} {[%emt 00:14:50]} 22. cxd5 {[%clk 00:09:52]} {[%emt
00:01:25]} exd5 {[%clk 00:08:31]} {[%emt 00:00:20]} 23. Nf4 {[%clk 00:09:28]}
{[%emt 00:00:52]} dxe4 {[%clk 00:07:05]} {[%emt 00:01:57]} 24. dxe4 {[%clk
00:09:54]} {[%emt 00:00:03]} Qe8 {[%clk 00:06:52]} {[%emt 00:00:44]} 25. Qf5
{[%clk 00:07:14]} {[%emt 00:03:09]} g6 {[%clk 00:04:38]} {[%emt 00:02:45]} 26.
Qe5 {[%clk 00:06:31]} {[%emt 00:01:10]} Bc5 {[%clk 00:04:36]} {[%emt 00:00:36]}
27. Qf6 {[%clk 00:06:31]} {[%emt 00:00:26]} Be7 {[%clk 00:03:12]} {[%emt
00:01:58]} 28. Qxb6 {[%clk 00:06:35]} {[%emt 00:00:26]} Qb8 {[%clk 00:02:37]}
{[%emt 00:01:04]} 29. Qd4 {[%clk 00:05:39]} {[%emt 00:01:25]} Rd8 {[%clk
00:01:07]} {[%emt 00:02:00]} 30. Nd5 {[%clk 00:06:01]} {[%emt 00:00:08]} Nxd5
31. exd5 {[%clk 00:06:29]} Qd6 {[%clk 00:00:34]} {[%emt 00:01:16]} 32. Bc3
{[%clk 00:04:17]} {[%emt 00:02:41]} f6 {[%clk 00:00:58]} {[%emt 00:00:06]} 33.
b6 {[%clk 00:02:56]} {[%emt 00:01:52]} Qc5 {[%clk 00:00:32]} {[%emt 00:00:56]}
34. Qxc5 {[%clk 00:02:39]} {[%emt 00:00:46]} Bxc5 {[%clk 00:00:57]} {[%emt
00:00:05]} 35. b7 {[%clk 00:02:56]} {[%emt 00:00:13]} Rab8 {[%clk 00:01:00]}
{[%emt 00:00:28]} 36. Bxa5 {[%clk 00:02:37]} {[%emt 00:00:49]} Rd7 {[%clk
00:00:41]} {[%emt 00:00:49]} 37. Rb5 {[%clk 00:02:49]} {[%emt 00:00:17]} Bd6
{[%clk 00:00:41]} {[%emt 00:00:30]} 38. Rdb1 {[%clk 00:03:10]} {[%emt
00:00:08]} Re7 {[%clk 00:00:36]} {[%emt 00:00:37]} 39. Bd2 {[%clk 00:03:23]}
{[%emt 00:00:14]} Re2 {[%clk 00:00:34]} {[%emt 00:00:35]} 40. Be3 {[%clk
00:03:26]} {[%emt 00:00:25]} Ra2 {[%clk 00:00:35]} {[%emt 00:00:30]} 41. Rb6
{[%clk 00:03:09]} {[%emt 00:00:44]} Bc7 {[%clk 00:00:54]} {[%emt 00:00:15]} 42.
Rc6 {[%clk 00:03:26]} {[%emt 00:00:10]} Be5 {[%clk 00:29:06]} {[%emt 00:02:20]}
43. f4 {[%clk 00:33:43]} {[%emt 00:00:11]} Bb2 {[%clk 00:27:43]} {[%emt
00:01:55]} 44. Rc8+ {[%clk 00:34:01]} {[%emt 00:00:11]} 1-0

[Event "DEM U18 2025"]
[Site "Willingen GER"]
[Date "2025.06.09"]
[Round "3"]
[White "Neuhoff, Laertes"]
[Black "Semling, Julius"]
[Result "1-0"]
[Termination "normal"]
[Board "8"]
[WhiteElo "2130"]
[BlackElo "2199"]
[WhiteClock "00:01:04"]
[BlackClock "00:00:34"]
[PlyCount "119"]
[WhiteFideId "16279719"]
[BlackFideId "16290160"]
[EventCountry "GER"]
[EventRounds "9"]
[EventType "swiss"]
[EventDate "2025.06.07"]

1. e4 {[%clk 01:30:56]} c5 {[%clk 01:30:53]} 2. Nf3 {[%clk 01:31:20]} d6 {[%clk
01:31:17]} 3. d4 {[%clk 01:31:46]} cxd4 4. Nxd4 {[%clk 01:32:11]} Nf6 {[%clk
01:32:02]} 5. Nc3 {[%clk 01:32:33]} a6 {[%clk 01:32:28]} 6. Rg1 {[%clk
01:32:59]} e5 {[%clk 01:32:33]} 7. Nb3 {[%clk 01:33:19]} h5 {[%clk 01:32:15]}
8. Bg5 {[%clk 01:33:42]} Be6 {[%clk 01:29:49]} 9. Qd2 {[%clk 01:23:44]} {[%emt
00:02:43]} Nbd7 {[%clk 01:27:08]} {[%emt 00:03:11]} 10. f4 {[%clk 01:09:16]}
{[%emt 00:14:58]} Rc8 {[%clk 01:21:34]} {[%emt 00:06:04]} 11. O-O-O {[%clk
01:00:09]} {[%emt 00:09:33]} b5 {[%clk 01:17:00]} {[%emt 00:05:08]} 12. Bd3
{[%clk 00:51:36]} {[%emt 00:09:02]} Be7 {[%clk 01:12:43]} {[%emt 00:04:47]} 13.
Kb1 {[%clk 00:42:19]} {[%emt 00:09:47]} Qc7 {[%clk 01:00:47]} {[%emt 00:12:27]}
14. h3 {[%clk 00:31:15]} {[%emt 00:11:33]} Nb6 {[%clk 00:55:51]} {[%emt
00:05:27]} 15. f5 {[%clk 00:30:14]} {[%emt 00:01:30]} Bd7 {[%clk 00:51:12]}
{[%emt 00:05:09]} 16. Bxf6 {[%clk 00:28:01]} {[%emt 00:02:43]} gxf6 {[%clk
00:50:55]} {[%emt 00:00:47]} 17. Nd5 {[%clk 00:28:07]} {[%emt 00:00:24]} Nxd5
{[%clk 00:50:15]} {[%emt 00:01:10]} 18. exd5 {[%clk 00:28:35]} {[%emt
00:00:03]} Qb7 {[%clk 00:43:37]} {[%emt 00:07:08]} 19. Be4 {[%clk 00:28:14]}
{[%emt 00:00:51]} Bd8 {[%clk 00:43:05]} {[%emt 00:01:02]} 20. g4 {[%clk
00:15:15]} {[%emt 00:13:28]} Bb6 {[%clk 00:39:11]} {[%emt 00:04:25]} 21. Rg2
{[%clk 00:14:25]} {[%emt 00:01:19]} hxg4 {[%clk 00:35:47]} {[%emt 00:03:54]}
22. hxg4 {[%clk 00:14:33]} {[%emt 00:00:22]} Qc7 {[%clk 00:28:00]} {[%emt
00:08:17]} 23. g5 {[%clk 00:11:54]} {[%emt 00:03:09]} Qc4 {[%clk 00:26:10]}
{[%emt 00:02:21]} 24. Re1 {[%clk 00:11:00]} {[%emt 00:01:23]} Bd8 {[%clk
00:21:31]} {[%emt 00:05:10]} 25. g6 {[%clk 00:10:21]} {[%emt 00:01:09]} Bb6
{[%clk 00:18:38]} {[%emt 00:03:22]} 26. Rh2 {[%clk 00:05:28]} {[%emt 00:05:22]}
Ke7 {[%clk 00:18:12]} {[%emt 00:00:57]} 27. Rxh8 {[%clk 00:02:43]} {[%emt
00:03:14]} Rxh8 {[%clk 00:18:41]} {[%emt 00:00:03]} 28. g7 {[%clk 00:03:02]}
{[%emt 00:00:10]} Rg8 {[%clk 00:18:10]} {[%emt 00:01:01]} 29. Qg2 {[%clk
00:03:30]} {[%emt 00:00:01]} a5 {[%clk 00:15:41]} {[%emt 00:02:59]} 30. Rh1
{[%clk 00:02:12]} {[%emt 00:01:48]} Be3 {[%clk 00:13:02]} {[%emt 00:03:10]} 31.
Bd3 {[%clk 00:01:02]} {[%emt 00:01:40]} Qc8 {[%clk 00:11:30]} {[%emt 00:02:01]}
32. Nxa5 {[%clk 00:00:39]} {[%emt 00:00:54]} Bg5 {[%clk 00:10:47]} {[%emt
00:01:13]} 33. Rh7 {[%clk 00:01:08]} {[%emt 00:00:02]} Qc5 {[%clk 00:10:15]}
{[%emt 00:01:02]} 34. a3 {[%clk 00:00:40]} {[%emt 00:00:57]} b4 {[%clk
00:09:39]} {[%emt 00:01:06]} 35. Nb3 {[%clk 00:00:45]} {[%emt 00:00:25]} Qe3
{[%clk 00:09:27]} {[%emt 00:00:42]} 36. Qe4 {[%clk 00:00:38]} {[%emt 00:00:36]}
Qg1+ {[%clk 00:08:47]} {[%emt 00:01:11]} 37. Ka2 {[%clk 00:01:07]} {[%emt
00:00:01]} bxa3 {[%clk 00:08:39]} {[%emt 00:00:38]} 38. bxa3 {[%clk 00:01:04]}
{[%emt 00:00:33]} Bf4 {[%clk 00:04:16]} {[%emt 00:04:52]} 39. Qc4 {[%clk
00:00:45]} {[%emt 00:00:49]} Rc8 {[%clk 00:02:44]} {[%emt 00:02:02]} 40. Qb4
{[%clk 00:00:37]} {[%emt 00:00:39]} Qg2 {[%clk 00:00:42]} {[%emt 00:02:31]} 41.
Qe4 {[%clk 00:26:48]} {[%emt 00:04:19]} Qg1 {[%clk 00:27:19]} {[%emt 00:03:54]}
42. Rh8 {[%clk 00:07:06]} {[%emt 00:20:12]} Qxg7 {[%clk 00:25:27]} {[%emt
00:02:21]} 43. Rxc8 {[%clk 00:07:34]} {[%emt 00:00:02]} Bxc8 {[%clk 00:25:50]}
{[%emt 00:00:08]} 44. Qc4 {[%clk 00:06:35]} {[%emt 00:01:30]} Qf8 {[%clk
00:18:12]} {[%emt 00:08:07]} 45. Qc7+ {[%clk 00:06:29]} {[%emt 00:00:36]} Bd7
{[%clk 00:18:32]} {[%emt 00:00:10]} 46. Na5 {[%clk 00:06:45]} {[%emt 00:00:14]}
Qc8 {[%clk 00:15:48]} {[%emt 00:03:13]} 47. Nc6+ {[%clk 00:07:00]} {[%emt
00:00:15]} Ke8 {[%clk 00:16:00]} {[%emt 00:00:18]} 48. Qxd6 {[%clk 00:06:57]}
{[%emt 00:00:33]} Bxc6 {[%clk 00:15:12]} {[%emt 00:01:18]} 49. dxc6 {[%clk
00:06:06]} {[%emt 00:01:22]} Qd8 {[%clk 00:14:29]} {[%emt 00:01:13]} 50. Qc5
{[%clk 00:06:16]} {[%emt 00:00:19]} Qc7 {[%clk 00:13:57]} {[%emt 00:01:02]} 51.
a4 {[%clk 00:05:34]} {[%emt 00:01:13]} Bd2 {[%clk 00:11:44]} {[%emt 00:02:42]}
52. c3 {[%clk 00:05:41]} {[%emt 00:00:23]} Bh6 {[%clk 00:10:33]} {[%emt
00:01:41]} 53. Qd5 {[%clk 00:02:51]} {[%emt 00:03:20]} Be3 {[%clk 00:06:43]}
{[%emt 00:04:19]} 54. a5 {[%clk 00:02:51]} {[%emt 00:00:31]} Qd8 {[%clk
00:05:32]} {[%emt 00:01:40]} 55. Qb5 {[%clk 00:02:42]} {[%emt 00:00:40]} Ke7
{[%clk 00:05:07]} {[%emt 00:00:55]} 56. Qb7+ {[%clk 00:02:45]} {[%emt
00:00:27]} Kd6 {[%clk 00:05:07]} {[%emt 00:00:29]} 57. Kb3 {[%clk 00:01:20]}
{[%emt 00:01:57]} Qc7 {[%clk 00:03:50]} {[%emt 00:01:46]} 58. Be4 {[%clk
00:00:47]} {[%emt 00:01:03]} Ba7 {[%clk 00:01:00]} {[%emt 00:03:20]} 59. Kc4
{[%clk 00:00:43]} {[%emt 00:00:34]} Bf2 {[%clk 00:00:34]} {[%emt 00:00:56]} 60.
Qb4+ {[%clk 00:01:04]} {[%emt 00:00:09]} 1-0